| 000 | 00569cam a22002053a 4500 | ||
|---|---|---|---|
| 001 | 42624 | ||
| 003 | PGUSA | ||
| 005 | 20140828083950.0 | ||
| 008 | 130430s2013||||xxu|||||s|||||000 | eng d | ||
| 040 |
_aPGUSA _beng |
||
| 042 | _adc | ||
| 100 | 1 |
_aFaguet, Émile, _d1847-1916 |
|
| 245 | 1 | 0 |
_aL'Anticléricalisme _h[electronic resource] / _cÉmile Faguet |
| 260 |
_bProject Gutenberg, _c2013 |
||
| 506 | _aPublic domain in the USA. | ||
| 516 | _aElectronic text | ||
| 830 | 0 |
_aProject Gutenberg _v42624 |
|
| 856 | 4 | 0 | _uhttp://www.gutenberg.org/ebooks/42624 |
| 942 | _cEB | ||
| 999 |
_c271876 _d271876 |
||